LEADER 01334nam a2200337 u 4500 001 000000042256 003 CaOOAMICUS 005 20070226114315.0 008 990224s1991 it u000 u ita u 020 $a8839404635 035 $a10815265 040 $aPUL$bita$dPUL(R) 041 1 $aita$hger 100 1 $aRinggren, Helmer,$d1917-$0(OLS)http://pul/name/22554 240 10$aReligionen des Alten Orients.$lItaliano.$0(OLS)http://pul/title/57002 245 13$aLe religioni dell'Oriente antico /$cHelmer Ringgren. 250 $aEd. italiana / a cura di Amedeo Alberti. 260 $aBrescia :$bPaideia,$cc1991. 300 $a284 p. ;$c21 cm 490 1 $aBiblioteca di cultura religiosa ;$v58 500 $aContiene indici. 504 $aBibliografia in nota. 650 4$aReligioni$xStoria.$0(OLS)http://pul/subject/130 830 0$aBiblioteca di cultura religiosa (Paideia) ;$v58.$0(OLS)http://pul/title/98 850 $aPUL 852 $aPUL$W1$xSL Religione 1$y3$m70 B 92$j57152$nBK-PRI$b $qStampati$B57152$CPULBib$Z2$F57152 $H $81 941 1 $a8 961 $aINV: 79484 996 $6020$a8839404635$9(OLS)http://pul/number/52670 996 $6245$aLe religioni dell'Oriente antico$9(OLS)http://pul/title/57003 996 $6260$aBrescia :$bPaideia$9(OLS)http://pul/publisher/47884 LEADER 01338nam a2200301 a 4500 001 000000120970 003 CaOOAMICUS 005 20100330113201.0 008 100330s2009 fr u000 u fre r 020 $z978-2-35748-037-7 (v. 2)* 020 $z978-2-35748-036-0 (v. 1)* 040 $aPUL$bita$dReb 100 1 $aHude, Henri.$0(OLS)http://pul/name/42095 245 10$aBergson /$cHenri Hude. 260 $aParis :$bArchives Karéline,$c2008. 300 $a2 v. ;$c24 cm 490 1 $aPhilosophie européenne 504 $aIncludono riferimenti bibliografici ed indici. 600 14$aBergson, Henri,$d1859-1941$xFilosofia.$0(OLS)http://pul/subject/1803 830 0$aPhilosophie européenne.$0(OLS)http://pul/title/27670 850 $aPUL 852 $aPUL$W1$xSL Filosofia 3$y81$m194 HUDHE 1.1$j138697$av.1$qDDC 21$B137937$CPULBib$Z2$F137937 $H113139 $82 852 $aPUL$W1$xSL Filosofia 3$y81$m194 HUDHE 1.2$j138698$av.2$qDDC 21$B137938$CPULBib$Z2$F137938 $H113140 $82 941 1 $a9 996 $6020$z978-2-35748-037-7 (v. 2)*$9(OLS)http://pul/number/143711 996 $6020$z978-2-35748-036-0 (v. 1)*$9(OLS)http://pul/number/143710 996 $6245$aBergson$9(OLS)http://pul/title/87543 996 $6260$aParis :$bArchives Karéline$9(OLS)http://pul/publisher/81257